000 00844nam a2200217Ia 4500
003 GCL
008 140319s9999 xx 000 0 ara d
040 _aGCL /
_cGCL
082 0 4 _a327.12
_bا م
100 1 _aامرنجر، تشارلز
245 1 0 _aالمطرقة والدرع: المخابرات المركزية الاميركية القصة الكاملة من الولادة الى الدور البارز فى حرب الخليج /
_cامرنجر، تشارلز
700 1 _aغانم زين الدين (مترجم)
260 _a[S.N] :
_bدار الحسام للطباعة والنشر ،
_c1992
300 _a408 ص
490 _a
650 0 4 _aالولايات المتحدة الامريكية
650 0 4 _aالمخابرات
650 0 4 _aالسياسة الدولية
650 0 4 _aس.اى. ايه
942 _2ddc
_cBK
999 _c29989
_d29989